Acid or Base? (Multiple Choice) - Statistics

General Stats
  • This quiz has been taken 86 times
  • The average score is 11 of 15
Answer Stats
Question Answer % Correct
Lemon Acid
100%
Soap Base
100%
Battery Acid
93%
Beer Acid
86%
Lemonade Acid
86%
Toothpaste Base
86%
Cement Base
86%
Detergent Base
86%
Baking soda Base
79%
Aspirin Acid
71%
Ammonia Base
64%
Coffee Acid
50%
Spinach Base
50%
Tea Acid
43%
Banana Acid
29%
No matching quizzes found
Score Distribution
Percent of People with Each Score
Percentile by Number Answered
Your Score History
You have not taken this quiz